Đang tải...

Vectors and Geometry

Chi tiết về thư mục
Tác giả chính: Pandey, G S
Tác giả khác: Sharma, R R
Định dạng: Printed Book
Ngôn ngữ:English
Được phát hành: New Delhi Wishwa Prakashan 1988
Phiên bản:1st ed.
Những chủ đề:
LEADER 00512nam a2200169Ia 4500
008 101204s9999 xx 000 0 eng d
020 |a 8122401627 
100 |a Pandey, G S 
245 |a Vectors and Geometry 
250 |a 1st ed. 
260 |b Wishwa Prakashan  |a New Delhi  |c 1988 
300 |a 152 
650 |a Calculus 
700 |a Sharma, R R 
942 |c BK 
999 |c 188046  |d 188046 
952 |0 0  |1 0  |4 0  |6 513_000000000000000_PAN_V  |7 0  |9 207358  |a STA  |b STA  |c ST1  |d 2010-12-04  |i 599  |l 0  |o 513 PAN/V  |p STA599  |r 2018-08-21  |w 2018-08-21  |y BK